书目信息 |
| 题名: |
红军长征中的七次会师
|
|
| 作者: | 马玉卿 编 | |
| 分册: | ||
| 出版信息: | 兰州 甘肃人民出版社 1982 |
|
| 页数: | 88页 | |
| 开本: | 21cm | |
| 丛书名: | ||
| 单 册: | ||
| 中图分类: | K264.406 , K264.4 | |
| 科图分类: | ||
| 主题词: | 二万五千里长征(1934~1936)--史料 , 中国--历史 | |
| 电子资源: | ||
| ISBN: | ||
| 000 | 00722nam0 2200265 45 | |
| 001 | 0182000854 | |
| 005 | 20040519082146.8 | |
| 010 | @dCNY0.43 | |
| 091 | @a11096.43 | |
| 100 | @a19950424d1982 em y0chiy0121 ea | |
| 101 | 0 | @achi |
| 102 | @aCN@b620000 | |
| 105 | @af z 000yy | |
| 106 | @ar | |
| 200 | 10 | @a红军长征中的七次会师@Ahong jun chang zheng zhong de qi ci hui shi@f马玉卿编 |
| 210 | @a兰州@c甘肃人民出版社@d1982 | |
| 215 | @a88页@c照片@d21cm | |
| 606 | @a二万五千里长征(1934~1936)@x史料 | |
| 606 | 0 | @a中国@x历史 |
| 690 | @aK264.406@v3 | |
| 690 | @aK264.4 | |
| 701 | 0 | @a马玉卿@Ama yu qing@4编 |
| 801 | 0 | @aCN@b上海图书馆@c20040519 |
| 801 | 2 | @aCN@bNLC@c20040519 |
| 905 | @f1@b109139@dK264.4@e19 | |
| 红军长征中的七次会师/马玉卿编.-兰州:甘肃人民出版社,1982 |
| 88页:照片;21cm |
| ISBN :CNY0.43 |
| ● |
| 相关链接 |
|
|
|
|
正题名:红军长征中的七次会师
索取号:K264.4/19
 
预约/预借
| 序号 | 登录号 | 条形码 | 馆藏地/架位号 | 状态 | 备注 |
| 1 | 0109139 | 000353049 | 第二借阅区/ [索取号:K264.4/19] | 在馆 | |
| 2 | 0109140 | 000353058 | 第二样本阅览室/ [索取号:K264.4/19] | 在馆 |